LEADER 00950nam0-22003011i-450- 001 990007918850403321 005 20041021121028.0 035 $a000791885 035 $aFED01000791885 035 $a(Aleph)000791885FED01 035 $a000791885 100 $a20040920d1999----km-y0itay50------ba 101 0 $aeng 102 $aIT 105 $aa-------001yy 200 1 $aComputing value at risk with high frequency data$fA. Beltratti, C. Morana 210 $aMilano$cUniversità commerciale Luigi Bocconi$d1999 215 $a40 p.$d21 cm 225 1 $aQuaderni di ricerca$fCentro di economia monetaria e finanziaria Paolo Baffi$v133 700 1$aBeltratti,$bAndrea$f<1959- >$0115285 701 1$aMorana,$bClaudio$0121352 801 0$aIT$bUNINA$gRICA$2UNIMARC 901 $aBK 912 $a990007918850403321 952 $aPaper 1/133$fSES 959 $aSES 996 $aComputing value at risk with high frequency data$9669449 997 $aUNINA LEADER 01392nam0-22004091i-450- 001 990002402520203316 005 20091027092118.0 010 $a90-411-2312-1 035 $a000240252 035 $aUSA01000240252 035 $a(ALEPH)000240252USA01 035 $a000240252 100 $a20050223d2004----km-y0itay50------ba 101 0 $aeng 102 $aUS 105 $ay|||0|||001yy 200 1 $a<> changing face of European labour law and social policy$fedited by Alan C. Neal 210 $aThe Hague$cKluwer law international$d2004 215 $aXX, 169 p.$d24 cm 225 2 $aStudies in employment and social policy$v28 410 0$12001$aStudies in employment and social policy$v28 461 1$1001-------$12001 606 0 $aDiritto del lavoro$yEuropa 606 0 $aPaesi dell'Unione europea$xPolitica sociale 676 $a344.2401 702 1$aNEAL,$bAlan C. 801 0$aIT$bsalbc$gISBD 912 $a990002402520203316 951 $aXXIII.4.K. 482 (IG VIII 12 ING 1192)$b47152 G.$cXXIII.4.K. 482 (IG VIII 12 ING)$d00179762 959 $aBK 969 $aGIU 979 $aFIORELLA$b90$c20050223$lUSA01$h1032 979 $aPECORARO$b90$c20050810$lUSA01$h0828 979 $aPECORARO$b90$c20050810$lUSA01$h0829 979 $aRSIAV4$b90$c20091027$lUSA01$h0921 996 $aChanging face of European labour law and social policy$91065578 997 $aUNISA